000 01030nam a22003017a 4500
003 CHAP
005 20220329143313.0
008 080415c mx a r 00110 spa d
010 _a94704
011 _a95676
035 _a106305
040 _cCHAP
090 _aFolleto 6492
110 0 _aMéxico. Dirección Forestal de Caza y Pesca
_976949
245 1 0 _aDesierto de los Leones
_c/por Dirección Forestal de Caza y Pesca
260 _aMéxico, D.F. :
_bDirección Forestal de Caza y Pesca,
_c1922
300 _a74 p. :
_bilus. ; planos
590 _aBATCH-UPD
_b10
_c20130110
_lUCH01
_h1744
590 _aBATCH-UPD
_b10
_c20130410
_lUCH01
_h1122
590 _aBATCH-UPD
_b10
_c20130914
_lUCH01
_h0723
590 _aCONVERSION
_b10
_c20130109
_lUCH01
_h1352
650 1 4 _aBosques
_zMéxico (Edo.).
_914419
650 1 4 _aDesierto de Los Leones, Méx.
_932140
650 1 4 _aParque Nacional Desierto de los Leones, Méx.
_985678
901 _aBK
942 _cFOLL
949 _aFolleto 6492
_bBC
_cFOLL
_d33724002050488
_eTS1
_i106305
_sb
999 _c94704
_d94704